| 000 | 00762nam a2200277 4500 | ||
|---|---|---|---|
| 001 | |||
| 003 | DO-SdBNP | ||
| 005 | 20220517105636.0 | ||
| 008 | 140604s2004 sp 000 0 spa d | ||
| 020 | _a842399080X | ||
| 040 |
_aBPMSU _bspa _cBPMSU |
||
| 082 |
_a R923 _2P962p 2004 _b22 |
||
| 100 | _aPro Ruiz, Juan. | ||
| 245 |
_aProtagonistas de la historia / _cJuan Pro ; prólogo de Miguel Artola. |
||
| 246 | 1 | 4 | _aEspasa Siglo XXI |
| 260 |
_aBarcelona : _bEspasa. _c2004 |
||
| 300 |
_axv, 769 p. ; _c25 cm. |
||
| 500 | _aIncluye índice. | ||
| 650 | 4 |
_aPersonajes _vBiografías. |
|
| 650 | 4 |
_aBiografías _vDiccionarios. |
|
| 700 | 1 |
_aVillar Rodríguez, Cecilia, _eeditora |
|
| 710 | 2 | _4Espasa | |
| 852 | _t1 | ||
| 910 | _aVMateo V. | ||
| 942 |
_2ddc _cBK |
||
| 999 |
_c13090 _d13090 |
||